|
|
|
|
| LEADER |
00000nam0a2200000 4500 |
| 001 |
68162 |
| 005 |
20231031074547.0 |
| 035 |
|
|
|a (RuTPU)RU\TPU\book\72561
|
| 090 |
|
|
|a 68162
|
| 100 |
|
|
|a 20040930d1962 km y0rusy50 ca
|
| 101 |
0 |
|
|a rus
|
| 102 |
|
|
|a RU
|
| 105 |
|
|
|a a z 001zy
|
| 200 |
1 |
|
|a Металлургические и технологические основы дуговой сварки
|f В. П. Демянцевич
|
| 210 |
|
|
|a Москва
|a Ленинград
|c Машгиз
|d 1962
|
| 215 |
|
|
|a 296 с.
|c ил.
|
| 320 |
|
|
|a Библиогр.: с. 291-294
|
| 610 |
1 |
|
|a машиностроение
|
| 610 |
1 |
|
|a дуговая сварка
|
| 610 |
1 |
|
|a технологические основы
|
| 610 |
1 |
|
|a источники тепла
|
| 610 |
1 |
|
|a нагревание
|
| 610 |
1 |
|
|a плавление
|
| 610 |
1 |
|
|a сварочные материалы
|
| 610 |
1 |
|
|a электрошлаковая сварка
|
| 675 |
|
|
|a 621.791.75
|v 3
|
| 700 |
|
1 |
|a Демянцевич
|b В. П.
|g Владимир Петрович
|
| 801 |
|
1 |
|a RU
|b 63413507
|c 20040930
|g PSBO
|
| 801 |
|
2 |
|a RU
|b 63413507
|c 20201125
|g PSBO
|
| 942 |
|
|
|c BK
|